Fr. Conceicao Rodrigues College of Engineering

Office Furniture Annul (Record no. 27802)

MARC details
000 -LEADER
fixed length control field 00300nam a2200145Ia 4500
082 ## - DEWEY DECIMAL CLASSIFICATION NUMBER
Classification number 749
100 ## - MAIN ENTRY--PERSONAL NAME
Personal name King
245 ## - TITLE STATEMENT
Title Office Furniture Annul
260 ## - PUBLICATION, DISTRIBUTION, ETC.
Name of publisher, distributor, etc. Cesane Roversi
Place of publication, distribution, etc. Italy
Date of publication, distribution, etc. 1987
300 ## - PHYSICAL DESCRIPTION
Extent 250
546 ## - LANGUAGE NOTE
Language note ENGLISH
650 ## - SUBJECT ADDED ENTRY--TOPICAL TERM
Topical term or geographic name entry element General
654 ## - SUBJECT ADDED ENTRY--FACETED TOPICAL TERMS
Focus term Office Furniture
942 ## - ADDED ENTRY ELEMENTS (KOHA)
Koha item type BOOK
Holdings
Withdrawn status Lost status Damaged status Not for loan Collection Home library Current library Shelving location Date acquired Cost, normal purchase price Total Checkouts Full call number Barcode Date last seen Cost, replacement price Price effective from Koha item type
        AFT Fr. Agnel's C.Rodrigues College of Engineering Fr. Agnel's C.Rodrigues College of Engineering   17/03/2023 250.00   749 AFT5207 17/03/2023 250.00 17/03/2023 BOOK